000 01145cab a2200325 4500
001 ABS46369
008 090401t1992 xxu||||| |||| 00| 0 eng d
035 _a(Sirsi) u57977
041 _aeng
245 _aM27: off the hard shoulder
260 _c1992
350 _a0
490 _aEstates Gazette
_v(9217) 2 May 1992, 45-72(13)
520 _aAn Estates Gazette Focus, concentrating on Winchester, Southampton, Portsmouth and Fareham. Special reports included on Hampshire`s structure plan, extension of the M3 and relocation of three major manufacturing firms from the county to mainland Europe.
650 _aFAREHAM
650 _aHAMPSHIRE
650 _aINDUSTRIAL MARKET
650 _aM27
650 _aM3
650 _aPROPERTY-COMMERCIAL PROPERTY-OFFICE PROPERTY-OFFICE PROPERTY MARKET
650 _aPORTSMOUTH
650 _aPROPERTY MARKET
650 _aPROPERTY-COMMERCIAL PROPERTY-RETAIL PROPERTY-RETAIL PROPERTY MARKET
650 _aSOUTHAMPTON
650 _aTWYFORD DOWN
650 _aWINCHESTER
690 _aPROPERTY-COMMERCIAL PROPERTY-COMMERCIAL PROPERTY MARKET
942 _n0
948 _c04/03/1997
999 _c35380
_d35380